00442nam a22001457a 4500020001800000082001500018100001900033245007600052260003100128300001000159650003800169650004400207650001400251650003100265 a9789389212617 aD1x73 D969 aDwivedi, Manan aTrump's America:bdiplomacy and economic policies 111cby Manan Dwivedi aNew DelhibAne Booksc2020 a210p. aUnited States - Foreign relations aUnited States - Politics and government aDiplomacy aElections - United States